000 00504 a2200181 4500
003 OSt
005 20260305115424.0
008 231207b |||||||| |||| 00| 0 eng d
020 _a9788171306558
040 _coclc
082 _a894.8123
_bDAS/N
100 _aDas, Kamala
_95366
245 _aNashtappetta Neelaambari /
_cMadhavikutty
250 _a42nd ed.
260 _aKottayam:
_bD C Books,
_c2023.
300 _a104p.
942 _2ddc
_cBK
_h894.8123
_iDAS/N
_k894.8123
_mDAS/N
999 _c44023
_d44023